000 00506nam a2200205Ia 4500
003 OSt
005 20250801153456.0
008 250729s2006 xx 000 0 und d
020 _a978-8171413683
040 _cAl
041 _aeng
082 _a371.333 SINB
100 _aSingh, U.K
_9220704
245 _aBroadcasting Education
260 _aNew Delhi
_bDiscovery Publishing House
_c2006
300 _a207p
650 _aEducation
_9220705
700 _aSudarshan K N
_9220706
942 _2ddc
_cBED
999 _c234698
_d234698